000 01024nac a22003137a 4500
001 BR9300774
003 BR-BrBNA
005 20240105121407.0
008 230509b bl.|||m| |||| 00| 0 por d
040 _aBR-BrBNA
_bpor
_cBiblioteca Nacional de Agricultura
072 _aH60; F01
090 _a0430 BR9300774
100 1 _aAzevedo, D.M.P. de
100 1 _aBeltrao, N.E. de M.
100 1 _aNobrega, L.B. da
100 1 _aVieira, D.J.
110 1 _aCentro Nacional de Pesquisa de Algodao, Campina Grande, PB (Brasil)
_91753
245 1 _aManejo de plantas daninhas no cultivo do algodao herbaceo
260 3 _aCampina Grande, PB (Brasil):
_c1992.
300 _a11 p.
490 _aComunicado Tecnico - Centro Nacional de Pesquisa de Algodao (Brazil)
_vno. 35
_xISSN 0100-7084
500 _a30 ref.
650 _aAlgodao Herbaceo
650 _aErva Daninha
650 _aCompeticao de Variedade
650 _aPratica Cultural
909 _a202312
_bLúcia Elande
_c55
_dLúcia Elande
942 _2AGRIS
_n0
_cMS
999 _c285040
_d285040